Statistics for States that border Nebraska

Click here to take the quiz!

General Stats

  • This quiz has been taken 376 times
  • The average score is 6 of 6

Answer Stats

HintAnswer% Correct
3Kansas
99%
2Iowa
97%
5South Dakota
95%
1Colorado
94%
4Missouri
92%
6Wyoming
91%

Score Distribution

Percentile by Number Answered

Percent of People with Each Score

Your Score History

You have not taken this quiz